[Event "Michigan Class B"]
[Site "Grand Rapids, MI"]
[Date "1999.01.10"]
[Round "5"]
[White "Carl, Kevin"]
[Black "Parker, Harvard"]
[Result "1-0"]
[WhiteElo "1705"]
[BlackElo "1635"]
[PlyCount "55"]
[EventDate "1999.01.09"]

1. e4 d5 2. exd5 Nf6 3. d4 Bg4 4. Nf3 Qxd5 5. Be2 Nc6 6. O-O e6 7. h3 h5 8. Be3
O-O-O 9. c4 Qf5 10. Nc3 e5 11. d5 Bxf3 12. Bxf3 g5 13. Be2 Bh6 14. Qa4 Nd4 15.
Qxa7 g4 16. h4 Bxe3 17. fxe3 Nxe2+ 18. Nxe2 Qg6 19. Qa8+ Kd7 20. Qxb7 Ne4 21.
c5 Rb8 22. c6+ Kd6 23. Qa6 Ke7 24. Qa3+ Nd6 25. Ng3 Ke8 26. Qc3 f6 27. a4 Kf7
28. Qxe5 1-0

[Event "Michigan Class B"]
[Site "Grand Rapids, MI"]
[Date "1999.01.10"]
[Round "4"]
[White "Carl, Kevin"]
[Black "Barta, Roger"]
[Result "1-0"]
[WhiteElo "1705"]
[BlackElo "1715"]
[PlyCount "73"]
[EventDate "1999.01.09"]

1. e4 e6 2. d4 d5 3. e5 c5 4. c3 Nc6 5. Nf3 Qb6 6. Be2 cxd4 7. cxd4 Nh6 8. Nc3
Nf5 9. Na4 Qa5+ 10. Bd2 Bb4 11. Bc3 Bxc3+ 12. Nxc3 Qb4 13. a3 Qe7 14. O-O b6
15. Rc1 O-O 16. Nxd5 exd5 17. Rxc6 Bb7 18. Rc3 Rac8 19. Rxc8 Rxc8 20. Bd3 Nh4
21. Re1 Ng6 22. Qb1 Nf8 23. h4 h6 24. Rc1 Ne6 25. g3 g5 26. Rd1 gxh4 27. Nxh4
Kh8 28. Nf5 Qg5 29. Nd6 Rc7 30. Qc2 Kg7 31. Ne8+ Kf8 32. Nxc7 Nxd4 33. Qc1 Nf3+
34. Kg2 Qh5 35. Rh1 Nh4+ 36. Rxh4 d4+ 37. Kg1 1-0

[Event "Michigan Class A"]
[Site "Grand Rapids, MI"]
[Date "1999.01.10"]
[Round "5"]
[White "Brumley, Ron"]
[Black "Evans Sr., Thomas"]
[Result "1/2-1/2"]
[WhiteElo "1825"]
[BlackElo "1895"]
[PlyCount "115"]
[EventDate "1999.01.09"]

1. d4 d5 2. Nf3 Nf6 3. Bf4 Bf5 4. Nbd2 Nc6 5. c3 e6 6. e3 Bd6 7. Bxd6 cxd6 8.
Nh4 Bg4 9. Be2 Bxe2 10. Qxe2 Qb6 11. Nb3 a5 12. O-O O-O 13. Rab1 Rfe8 14. Nd2
e5 15. Qf3 Qd8 16. Nf5 Re6 17. c4 Ne7 18. Nxe7+ Rxe7 19. cxd5 exd4 20. Nb3 dxe3
21. fxe3 Ne4 22. Rbd1 Qb6 23. Rd4 Nf6 24. Rd3 Nd7 25. Nd4 Ne5 26. Qe4 g6 27.
Rb3 Qc7 28. Qh4 Rae8 29. Nb5 Qc5 30. Qd4 Rd7 31. Qxc5 dxc5 32. Rc3 b6 33. e4
Kg7 34. h3 g5 35. Rg3 h6 36. h4 f6 37. Nc3 Ng6 38. Rgf3 Rf7 39. hxg5 hxg5 40.
g3 Ne5 41. Rf5 Ng4 42. Re1 Kg6 43. Nd1 Rxe4 44. Rxg5+ Kxg5 45. Rxe4 Ne5 46. a4
Rd7 47. Nc3 Kf5 48. Rf4+ Kg6 49. Re4 Re7 50. Kf1 f5 51. d6 fxe4 52. dxe7 Kf7
53. Nd5 Nc4 54. b3 Nd2+ 55. Ke2 Nxb3 56. Nxb6 Kxe7 57. Ke3 Ke6 58. Kxe4 1/2-1/2

[Event "Michigan Class B"]
[Site "Grand Rapids, MI"]
[Date "1999.01.10"]
[Round "4"]
[White "Blaine, Roger"]
[Black "al-Shareef, Robert"]
[Result "0-1"]
[WhiteElo "1720"]
[BlackElo "1770"]
[PlyCount "72"]
[EventDate "1999.01.09"]

1. f4 c5 2. Nf3 d6 3. b3 Nf6 4. Bb2 Nc6 5. e3 g6 6. Bb5 Bg7 7. O-O O-O 8. Bxc6
bxc6 9. d3 Re8 10. Qe1 Qc7 11. e4 e5 12. fxe5 dxe5 13. Nbd2 Ba6 14. Qg3 Nh5 15.
Qf2 Qe7 16. Ba3 Bf8 17. Nb1 f6 18. Nc3 Nf4 19. Nd2 Kg7 20. Na4 Ne6 21. Rae1 Bb5
22. Nb2 Nd4 23. Nf3 Qd8 24. Qd2 Qb6 25. c4 Qa6 26. cxb5 cxb5 27. Nxd4 exd4 28.
Qf4 Qxa3 29. Qxf6+ Kg8 30. Rf2 Bg7 31. Qf7+ Kh8 32. Qd7 Qa5 33. Ref1 Rad8 34.
Qb7 Rf8 35. Rf7 Qd2 36. Rxg7 Qe3+ 0-1

[Event "Michigan Class B"]
[Site "Grand Rapids, MI"]
[Date "1999.01.10"]
[Round "5"]
[White "Blaine, Roger"]
[Black "Anderson, Gale"]
[Result "1-0"]
[WhiteElo "1720"]
[BlackElo "1750"]
[PlyCount "53"]
[EventDate "1999.01.09"]

1. f4 Nf6 2. Nf3 c5 3. b3 e6 4. Bb2 Nc6 5. e3 Be7 6. Bb5 a6 7. Bxc6 dxc6 8. O-O
Qb6 9. Qe2 Bd7 10. d3 Rg8 11. Nbd2 Qc7 12. Nc4 Bd6 13. Nxd6+ Qxd6 14. Be5 Qe7
15. e4 O-O-O 16. Bb2 Qe8 17. Ba3 b6 18. d4 Kb7 19. dxc5 h6 20. cxb6 Nh7 21. Bd6
g5 22. Bc7 Rc8 23. Rad1 f6 24. Nd2 Rxc7 25. bxc7 gxf4 26. Nc4 Kxc7 27. Qd2 1-0

[Event "Michigan Class C"]
[Site "Grand Rapids, MI"]
[Date "1999.01.10"]
[Round "4"]
[White "Belill, Nathan"]
[Black "Mellas, Jim"]
[Result "1/2-1/2"]
[WhiteElo "1605"]
[BlackElo "1605"]
[PlyCount "107"]
[EventDate "1999.01.09"]

1. e4 e5 2. Nf3 Nc6 3. Bb5 a6 4. Ba4 b5 5. Bb3 d6 6. c3 Na5 7. Bc2 Be7 8. d4
Bg4 9. h3 Bxf3 10. Qxf3 Nf6 11. Nd2 O-O 12. O-O c5 13. dxe5 dxe5 14. Rd1 Qc7
15. Nf1 Rfd8 16. Ng3 Rxd1+ 17. Qxd1 Rd8 18. Qe2 g6 19. Bg5 Kg7 20. b3 Rd6 21.
Rd1 h6 22. Be3 Ng8 23. Rxd6 Qxd6 24. Qg4 Kh7 25. Qf3 Qf6 26. Qd1 c4 27. Qd5
cxb3 28. axb3 Nc6 29. Ne2 Bd8 30. Bc5 Nge7 31. Qd7 Qe6 32. Qxe6 fxe6 33. Bd3
Na5 34. b4 Nb7 35. Be3 Nc6 36. Nc1 g5 37. Nb3 Be7 38. Bb6 Kg7 39. Kh2 Kf6 40.
g4 Nb8 41. Na5 Nxa5 42. Bxa5 Nc6 43. Bb6 Bd6 44. Kg3 Ne7 45. Bd8 Kf7 46. Bb6
Nd5 47. exd5 e4+ 48. Kg2 exd3 49. Be3 exd5 50. Kf1 Be5 51. Bd4 Ke6 52. Ke1 Bf4
53. Kd1 Be5 54. Kd2 1/2-1/2

[Event "Michigan Class C"]
[Site "Grand Rapids, MI"]
[Date "1999.01.10"]
[Round "4"]
[White "Belill, Mike"]
[Black "Griffin, John"]
[Result "1/2-1/2"]
[WhiteElo "1605"]
[BlackElo "1605"]
[PlyCount "150"]
[EventDate "1999.01.09"]

1. Nf3 Nf6 2. g3 b6 3. Bg2 Bb7 4. d3 c5 5. O-O d5 6. Nbd2 e6 7. c4 Be7 8. cxd5
Qxd5 9. Nc4 O-O 10. Nh4 Qd7 11. Ne5 Qc8 12. Nef3 h6 13. h3 Nc6 14. Be3 Nd5 15.
Bd2 Bf6 16. Qc1 Ne5 17. Nxe5 Bxe5 18. Nf3 Bf6 19. a3 Nc7 20. Rb1 Rd8 21. b4
cxb4 22. Rxb4 Ne8 23. Rc4 Qd7 24. Bf4 Rac8 25. Ne5 Bxe5 26. Bxb7 Qxb7 27. Bxe5
Rxc4 28. Qxc4 Rc8 29. Qa4 b5 30. Qb3 a6 31. Rb1 Qd5 32. Qxd5 exd5 33. a4 f6 34.
Bf4 bxa4 35. Ra1 g5 36. Be3 Rc6 37. Kg2 Nc7 38. Rxa4 Kf7 39. Kf3 f5 40. Ra5 Ke6
41. Bd4 Kd7 42. Be5 Nb5 43. h4 Ke6 44. Bg7 Kf7 45. Be5 Kg6 46. hxg5 hxg5 47. e3
Kf7 48. g4 Ke6 49. d4 Nd6 50. gxf5+ Nxf5 51. Kg4 Nh6+ 52. Kxg5 Nf7+ 53. Kf4
Nxe5 54. dxe5 Rc4+ 55. Kf3 Rc6 56. Kf4 Rc4+ 57. Kg5 Kxe5 58. Rxa6 d4 59. exd4+
Rxd4 60. Ra8 Ke6 61. Kg6 Rf4 62. Re8+ Kd5 63. Re2 Kd4 64. Kg5 Rf3 65. Kg4 Rf8
66. f4 Kd5 67. f5 Rg8+ 68. Kh5 Kd6 69. Kh6 Kd7 70. f6 Rg3 71. Rf2 Ke8 72. f7+
Kf8 73. Rf5 Rh3+ 74. Kg6 Rg3+ 75. Kf6 Ra3 1/2-1/2

[Event "Michigan Beginners"]
[Site "Grand Rapids, MI"]
[Date "1999.01.10"]
[Round "5"]
[White "Ball, Jason"]
[Black "Jackson, Kevin"]
[Result "0-1"]
[WhiteElo "1605"]
[BlackElo "1605"]
[PlyCount "50"]
[EventDate "1999.01.09"]

1. e4 c5 2. Nf3 d6 3. h3 Nf6 4. Nc3 e6 5. Bb5+ Nbd7 6. e5 dxe5 7. Nxe5 a6 8.
Bxd7+ Nxd7 9. Nxd7 Bxd7 10. d3 Be7 11. O-O O-O 12. Be3 Bg5 13. Qd2 Bxe3 14.
Qxe3 b6 15. Rad1 Bc6 16. d4 Qf6 17. dxc5 Qg6 18. g3 bxc5 19. Qxc5 Rac8 20. Qb6
Qf5 21. Rd3 Qxh3 22. f3 Qxg3+ 23. Kh1 h5 24. Qd4 h4 25. Rg1 Qh3# 0-1

[Event "Michigan Class C"]
[Site "Grand Rapids, MI"]
[Date "1999.01.10"]
[Round "5"]
[White "Asbury, Victor"]
[Black "Belill, Nathan"]
[Result "1/2-1/2"]
[WhiteElo "1605"]
[BlackElo "1605"]
[PlyCount "129"]
[EventDate "1999.01.09"]

1. c4 e5 2. Nc3 Nf6 3. g3 c6 4. Bg2 d5 5. cxd5 cxd5 6. Nf3 Nc6 7. O-O Be7 8. d4
e4 9. Ne1 Ng4 10. e3 f5 11. f3 Nf6 12. Bd2 O-O 13. Rc1 a6 14. a3 Qe8 15. b4 Qg6
16. Ne2 Nh5 17. Qb3 Be6 18. a4 Qf7 19. b5 axb5 20. axb5 Na5 21. Bxa5 Rxa5 22.
Rc7 Ra3 23. Qb2 Rb8 24. Nc2 Ra5 25. Ra1 Rxa1+ 26. Qxa1 Rc8 27. Rxc8+ Bxc8 28.
Qa8 Qe8 29. Nc3 Nf6 30. Qa2 Qf7 31. Qb3 Bd6 32. Nb4 Bxb4 33. Qxb4 Qc7 34. Kf2
b6 35. Bf1 Be6 36. Be2 Ne8 37. Bd1 Nd6 38. Bb3 Nc4 39. Bxc4 dxc4 40. fxe4 fxe4
41. Nxe4 Qf7+ 42. Ke1 Qf3 43. Nc3 Qxe3+ 44. Ne2 Qe4 45. Qd6 Bf7 46. Qd8+ Be8
47. Qxb6 Qb1+ 48. Kf2 Qf5+ 49. Nf4 Qxb5 50. Qxb5 Bxb5 51. Nd5 Kf7 52. Ke3 Bc6
53. Nc3 Ke6 54. Kf4 h6 55. h4 g6 56. g4 Bd5 57. g5 h5 58. Nb5 Bc6 59. Nc3 Bd5
60. Ne4 Bxe4 61. Kxe4 Kd6 62. d5 c3 63. Kd3 c2 64. Kxc2 Kxd5 65. Kd3 1/2-1/2

[Event "Michigan Class B"]
[Site "Grand Rapids, MI"]
[Date "1999.01.10"]
[Round "4"]
[White "Anderson, Gale"]
[Black "Pointer, Gilbert"]
[Result "1-0"]
[WhiteElo "1750"]
[BlackElo "1605"]
[PlyCount "83"]
[EventDate "1999.01.09"]

1. d4 d6 2. Nf3 Nf6 3. e3 g6 4. Bc4 Bg7 5. Nbd2 O-O 6. O-O Nc6 7. a3 Bg4 8. h3
Bf5 9. Bd3 Bxd3 10. cxd3 Qd7 11. Qc2 Rfd8 12. e4 Nh5 13. Nb3 a5 14. Be3 a4 15.
Nbd2 b5 16. Rab1 Na5 17. Rfc1 Rac8 18. Qd1 c6 19. Bg5 h6 20. Be3 f5 21. d5 c5
22. Nf1 f4 23. Bd2 Nb3 24. Rc2 Rf8 25. Nh4 Kh7 26. Bc3 Bd4 27. Nd2 Rf7 28. Nxb3
axb3 29. Rcc1 Bxc3 30. Rxc3 c4 31. Rbc1 Nf6 32. Kf1 Qa7 33. Qd2 g5 34. Nf3 Rff8
35. Qe2 cxd3 36. Qxd3 Rxc3 37. Rxc3 Nd7 38. e5+ Kg8 39. Qg6+ Kh8 40. Qxh6+ Kg8
41. Qxg5+ Kf7 42. e6+ 1-0

[Event "Michigan Class C"]
[Site "Grand Rapids, MI"]
[Date "1999.01.10"]
[Round "5"]
[White "Aldrich, Justin"]
[Black "Grzegorczyk, Ron"]
[Result "0-1"]
[WhiteElo "1605"]
[BlackElo "1605"]
[PlyCount "136"]
[EventDate "1999.01.09"]

1. e4 c5 2. Nf3 Nc6 3. c3 d6 4. d4 cxd4 5. cxd4 e6 6. Nc3 Be7 7. a3 a6 8. Bd3
Bf6 9. Bc2 Nge7 10. O-O O-O 11. Re1 Ng6 12. Be3 Nh4 13. Nxh4 Bxh4 14. Qg4 e5
15. Qd1 Ne7 16. d5 f5 17. Qh5 f4 18. Qxh4 fxe3 19. Rxe3 Ng6 20. Qxd8 Rxd8 21.
Na4 b5 22. Nb6 Rb8 23. Nxc8 Rbxc8 24. Bd1 Nf4 25. Bg4 Rc2 26. g3 Ng6 27. Re2
Rxe2 28. Bxe2 Rc8 29. Bd3 Nf8 30. a4 Nd7 31. b4 bxa4 32. Rxa4 Rc1+ 33. Kg2 Rc3
34. Bxa6 Nb6 35. Ra1 Rb3 36. b5 Nc4 37. Rc1 Nd2 38. Re1 Rb4 39. f3 Rb3 40. f4
exf4 41. gxf4 Rb4 42. e5 dxe5 43. fxe5 Kf7 44. Rc1 Nc4 45. Rf1+ Ke8 46. Bb7
Ne3+ 47. Kf2 Nxf1 48. Bc6+ Ke7 49. Kxf1 Rb2 50. e6 g5 51. Kg1 h5 52. Kh1 g4 53.
Kg1 h4 54. Kh1 Kd6 55. Kg1 h3 56. Kf1 Rxh2 57. Kg1 Rb2 58. b6 h2+ 59. Kh1 g3
60. b7 Rb1+ 61. Kg2 h1=Q+ 62. Kxg3 Qe1+ 63. Kf4 Qe5+ 64. Kg4 Rb4+ 65. Kf3 Qe4+
66. Kf2 Rb3 67. Kg1 Rb2 68. Kf1 Qb1# 0-1

[Event "Michigan Class C"]
[Site "Grand Rapids, MI"]
[Date "1999.01.10"]
[Round "4"]
[White "Aldrich, Justin"]
[Black "Bloch, Hermann"]
[Result "1/2-1/2"]
[WhiteElo "1605"]
[BlackElo "1605"]
[PlyCount "140"]
[EventDate "1999.01.09"]

1. e4 c5 2. Nf3 d6 3. c3 Nf6 4. d3 g6 5. Be2 Bg7 6. Bg5 O-O 7. h3 Nc6 8. Qd2
Re8 9. O-O c4 10. Na3 Be6 11. Rfe1 cxd3 12. Bxd3 Nd7 13. Bh6 Nce5 14. Nxe5 Nxe5
15. Bxg7 Nxd3 16. Qxd3 Kxg7 17. Nc2 f6 18. Re3 Rc8 19. Rg3 Bf7 20. Ne3 e6 21.
Rd1 Rc6 22. b3 Qc7 23. c4 Rd8 24. Rf3 Qa5 25. Qd2 Ra6 26. Ng4 Qxd2 27. Rxd2 f5
28. exf5 exf5 29. Ne5 Re8 30. Nxf7 Re1+ 31. Kh2 Kxf7 32. Rfd3 Re6 33. Rd5 Rc6
34. Kg3 Ke7 35. Kf4 h6 36. h4 Rc5 37. Kf3 h5 38. g3 b6 39. R2d3 a5 40. Rxc5
bxc5 41. Re3 Re5 42. Kf4 Kf6 43. Rd3 Re4+ 44. Kf3 Rd4 45. Rxd4 cxd4 46. Ke2 Ke5
47. Kd3 f4 48. gxf4+ Kxf4 49. Kxd4 Kg4 50. Kd5 Kxh4 51. Kxd6 Kg5 52. c5 h4 53.
c6 h3 54. c7 h2 55. c8=Q h1=Q 56. Qc5+ Kh6 57. Qe3+ Kh5 58. Qe5+ Kg4 59. Qd4+
Kg5 60. Qd5+ Qxd5+ 61. Kxd5 Kf4 62. Ke6 g5 63. Kf6 g4 64. a3 Kf3 65. Kg5 Kxf2
66. Kxg4 Ke3 67. b4 axb4 68. axb4 Kd4 69. b5 Kc5 70. b6 Kxb6 1/2-1/2

[Event "Michigan Masters/Experts"]
[Site "Grand Rapids, MI"]
[Date "1999.01.10"]
[Round "3.4"]
[White "Aldrich, Jeff"]
[Black "Kitts, Gary"]
[Result "0-1"]
[WhiteElo "2015"]
[BlackElo "2044"]
[PlyCount "70"]
[EventDate "1999.01.09"]

1. d4 Nf6 2. c4 e5 3. dxe5 Ne4 4. Nf3 Nc6 5. Nbd2 Bb4 6. a3 Bxd2+ 7. Bxd2 Qe7
8. Bf4 O-O 9. e3 g5 10. Bg3 Nxg3 11. hxg3 Nxe5 12. Nxe5 Qxe5 13. Qh5 Qg7 14.
Bd3 f5 15. f4 d6 16. fxg5 Bd7 17. c5 d5 18. g4 Rae8 19. Kd2 Re7 20. Rab1 d4 21.
Qh6 dxe3+ 22. Ke2 Qxh6 23. Rxh6 fxg4 24. Bc4+ Kh8 25. Rbh1 Rf2+ 26. Ke1 Bf5 27.
b4 Rb2 28. Rf1 Bg6 29. Rhh1 e2 30. Rfg1 g3 31. a4 c6 32. b5 Rc2 33. Bb3 Rc3 34.
Ba2 Rc1+ 35. Kd2 Rc2+ 0-1

[Event "U.S. Amateur North"]
[Site "Detroit, MI"]
[Date "1999.05.??"]
[Round "3"]
[White "Santiago, Reynaldo"]
[Black "Santus, Nick"]
[Result "1/2-1/2"]
[WhiteElo "2011"]
[BlackElo "1862"]
[PlyCount "87"]
[EventDate "1999.05.29"]

1. e4 c6 2. d3 d5 3. Nd2 e5 4. Ngf3 Bd6 5. g3 Nf6 6. Bg2 O-O 7. O-O Bg4 8. h3
Be6 9. Re1 d4 10. Nf1 h6 11. g4 Nh7 12. Ng3 Nd7 13. Bd2 Ng5 14. Nh2 c5 15. Nf5
Bxf5 16. gxf5 Nf6 17. Kh1 Kh8 18. f4 Ngh7 19. Bf3 Qc7 20. fxe5 Bxe5 21. Re2
Rac8 22. b3 b5 23. a4 a6 24. Rg2 c4 25. Qg1 Rg8 26. axb5 axb5 27. bxc4 bxc4 28.
Ng4 Nxg4 29. hxg4 c3 30. Bc1 Ra8 31. Rxa8 Rxa8 32. g5 hxg5 33. Bxg5 Nxg5 34.
Rxg5 Qa7 35. Kg2 Qa1 36. Bd1 Qc1 37. Qh1+ Kg8 38. Rh5 Qd2+ 39. Kf3 Qf4+ 40. Ke2
Qg4+ 41. Qf3 Qxf3+ 42. Kxf3 Ra1 43. Rh1 Rc1 44. Kg4 1/2-1/2

[Event "U.S. Amateur North U1600"]
[Site "Detroit, MI"]
[Date "1999.05.29"]
[Round "3"]
[White "Young, Corneil"]
[Black "Haygood, Norman"]
[Result "1-0"]
[WhiteElo "1114"]
[BlackElo "1472"]
[PlyCount "72"]
[EventDate "1999.05.29"]

1. e4 c6 2. Nc3 d5 3. exd5 cxd5 4. d4 Bf5 5. Nf3 a6 6. Bd3 Bxd3 7. cxd3 Nf6 8.
Bg5 e6 9. a3 h6 10. Bxf6 Qxf6 11. Ne5 Bd6 12. Qa4+ b5 13. Nxb5 axb5 14. Qxa8
O-O 15. Nf3 Qg6 16. O-O Qxd3 17. Rfe1 Bf4 18. Qb7 Qc4 19. g3 Bd6 20. Re3 Qc8
21. Qxb5 Nd7 22. Rc3 Qd8 23. Rac1 Nb6 24. Nd2 h5 25. Rc6 Nc4 26. Nxc4 dxc4 27.
Qxh5 Qe7 28. R6xc4 g6 29. Qe2 Qd7 30. Qc2 Kg7 31. Qc3 f6 32. Qa5 Rh8 33. Rc7
Bxc7 34. Rxc7 Qxc7 35. Qxc7+ Kh6 36. Qf7 f5 1-0

[Event "U.S. Amateur North"]
[Site "Detroit, MI"]
[Date "1999.05.29"]
[Round "2"]
[White "Williams, Ron"]
[Black "Santiago, Reynaldo"]
[Result "1-0"]
[WhiteElo "1899"]
[BlackElo "2011"]
[PlyCount "71"]
[EventDate "1999.05.29"]

1. c4 e5 2. g3 Nc6 3. Bg2 d6 4. Nc3 Be6 5. d3 f5 6. Nf3 h6 7. O-O Nf6 8. Nh4
Kf7 9. e3 g5 10. Nf3 Be7 11. Re1 Qd7 12. a3 Rag8 13. b4 f4 14. b5 Nd8 15. exf4
gxf4 16. Rxe5 fxg3 17. fxg3 Bg4 18. Re1 Ne6 19. Rf1 Ke8 20. Qa4 Nc5 21. Qxa7
Kf7 22. Qxc5 Bxf3 23. Qf2 Bxg2 24. Qxg2 c6 25. Bb2 Rg6 26. bxc6 bxc6 27. Ne4
Rf8 28. Nxf6 Bxf6 29. Bxf6 Rxf6 30. Rxf6+ Kxf6 31. Rf1+ Kg7 32. Qb2+ Kg8 33.
Rxf8+ Kxf8 34. Qh8+ Ke7 35. Qg7+ Kd8 36. Qxd7+ 1-0

[Event "U.S. Amateur North U1600"]
[Site "Detroit, MI"]
[Date "1999.05.29"]
[Round "2"]
[White "Williams, Christopher"]
[Black "Shukla, Ravi"]
[Result "0-1"]
[WhiteElo "803"]
[BlackElo "1074"]
[PlyCount "98"]
[EventDate "1999.05.29"]

1. e4 e5 2. Nf3 Nc6 3. Bb5 a6 4. Bxc6 dxc6 5. Nxe5 Qd4 6. Nf3 Qxe4+ 7. Qe2
Qxe2+ 8. Kxe2 Nf6 9. Re1 Bg4 10. Kf1+ Be7 11. Nh4 Nd5 12. c4 Nf4 13. d4 Nd3 14.
Re4 f5 15. Re3 Nxc1 16. Nc3 Nd3 17. h3 Nxb2 18. hxg4 Nxc4 19. Re2 Kf7 20. Nxf5
Rhe8 21. d5 Bf6 22. Rc1 Bxc3 23. Rxc3 Rxe2 24. Kxe2 Re8+ 25. Kd3 cxd5 26. Kd4
Rd8 27. Rf3 Nb6 28. Nd6+ Ke6 29. Nxb7 Ra8 30. Re3+ Kd7 31. Nc5+ Kc6 32. Re6+
Kb5 33. Re7 c6 34. Rxg7 Rf8 35. f3 Rf4+ 36. Ne4 dxe4 37. fxe4 c5+ 38. Ke3 Rf6
39. Rxh7 Nc4+ 40. Kd3 Rd6+ 41. Kc3 Ne5 42. g5 Rd3+ 43. Kb2 Nc4+ 44. Kc2 Rd2+
45. Kc3 Rxg2 46. Rb7+ Nb6 47. Ra7 c4 48. e5 Kc5 49. e6 Nd5# 0-1

[Event "U.S. Amateur North U1600"]
[Site "Detroit, MI"]
[Date "1999.05.29"]
[Round "2"]
[White "Wiener, Jack"]
[Black "Young, Corneil"]
[Result "0-1"]
[WhiteElo "1454"]
[BlackElo "1114"]
[PlyCount "78"]
[EventDate "1999.05.29"]

1. d4 d5 2. Nf3 Nf6 3. Bf4 Bf5 4. e3 a6 5. Bd3 Bxd3 6. Qxd3 e6 7. O-O Be7 8.
Nbd2 O-O 9. c3 Nc6 10. e4 dxe4 11. Nxe4 h6 12. Nxf6+ Bxf6 13. Rae1 Re8 14. Nd2
e5 15. Bg3 exd4 16. Rxe8+ Qxe8 17. Ne4 Qd8 18. Nxf6+ Qxf6 19. Re1 dxc3 20. bxc3
Rd8 21. Qc2 Ne7 22. Be5 Qg6 23. Qb3 b6 24. Bxc7 Rd7 25. Be5 b5 26. Bd4 Nd5 27.
Qa3 b4 28. cxb4 Nf4 29. Qf3 Rxd4 30. g3 Rxb4 31. Kh1 Rb1 32. Qxf4 Rxe1+ 33. Kg2
Qc6+ 34. Kh3 Qe6+ 35. g4 Qxa2 36. Qf5 Qe6 37. Qd3 Re4 38. Qf3 h5 39. Qf5 hxg4+
0-1

[Event "U.S. Amateur North U1600"]
[Site "Detroit, MI"]
[Date "1999.05.29"]
[Round "3"]
[White "Whitaker, Deshontae"]
[Black "Smith, Glenn"]
[Result "0-1"]
[WhiteElo "1049"]
[BlackElo "1560"]
[PlyCount "115"]
[EventDate "1999.05.29"]

1. e4 e6 2. e5 d6 3. d4 dxe5 4. dxe5 Qxd1+ 5. Kxd1 b6 6. Nf3 Ba6 7. Bxa6 Nxa6
8. Re1 Nb4 9. Na3 O-O-O+ 10. Ke2 Nd5 11. Kf1 Bxa3 12. bxa3 Nge7 13. Ng5 Rdf8
14. c4 Nc3 15. Bd2 Na4 16. Rab1 h6 17. Nf3 Rd8 18. Rec1 Nf5 19. Be1 Rd3 20. Rb3
Rhd8 21. Bc3 Nc5 22. Rb4 Ne4 23. Bb2 c5 24. Rb5 Rd1+ 25. Rxd1 Rxd1+ 26. Ke2 Rb1
27. a4 Kb7 28. g4 Ne7 29. Ke3 Ng5 30. Nxg5 hxg5 31. a5 Nc6 32. axb6 axb6 33.
Ba3 Rxb5 34. cxb5 Nxe5 35. Bc1 Nxg4+ 36. Ke2 f6 37. h3 Ne5 38. f4 gxf4 39. Bxf4
Nc4 40. Bc1 Kc7 41. h4 Kd6 42. a4 Ke5 43. h5 Kf5 44. h6 gxh6 45. Bxh6 Nb2 46.
Bf8 Nxa4 47. Bd6 Nc3+ 48. Kf3 Nxb5 49. Be7 Nd4+ 50. Kf2 e5 51. Bd8 b5 52. Bb6
c4 53. Ke1 Kf4 54. Kd2 b4 55. Bd8 f5 56. Bf6 c3+ 57. Kd1 b3 58. Kc1 0-1

[Event "U.S. Amateur North U1600"]
[Site "Detroit, MI"]
[Date "1999.05.29"]
[Round "1"]
[White "Whitaker, Deshontae"]
[Black "McFolley, Tyrone"]
[Result "1-0"]
[WhiteElo "1049"]
[BlackElo "702"]
[PlyCount "115"]
[EventDate "1999.05.29"]

1. e4 e5 2. Nf3 Nc6 3. Bc4 h6 4. c3 Bc5 5. d4 exd4 6. cxd4 Bb4+ 7. Nc3 Na5 8.
Bd3 d6 9. a3 Bxc3+ 10. bxc3 Nf6 11. O-O Bg4 12. Re1 O-O 13. h3 Bh5 14. Qe2 Nb3
15. Rb1 Nxc1 16. Rexc1 b6 17. e5 Re8 18. Bc2 Bxf3 19. Qxf3 dxe5 20. dxe5 Rxe5
21. Rd1 Qe8 22. Rd4 Rd8 23. Rbb4 Rxd4 24. Rxd4 g6 25. Qxf6 Re6 26. Qh4 Re1+ 27.
Kh2 Qe5+ 28. g3 Qe2 29. Rd8+ Kg7 30. Qd4+ Qe5 31. Qxe5+ Rxe5 32. Rd7 Re2 33.
Bb3 Rxf2+ 34. Kg1 Rf3 35. Rxc7 Rxg3+ 36. Kh2 Rf3 37. Rxa7 Rxc3 38. Bxf7 g5 39.
a4 Kf6 40. Bd5 Ra3 41. Ra6 Ke5 42. Bc6 Rb3 43. Bb5 Kf4 44. Rxb6 Rb2+ 45. Kg1
Kg3 46. Rxh6 Rb1+ 47. Bf1 Ra1 48. Ra6 Ra2 49. a5 Ra1 50. Ra8 Rb1 51. a6 Ra1 52.
a7 Rb1 53. Rb8 Ra1 54. a8=Q Rxa8 55. Rxa8 Kh4 56. Kh2 Kh5 57. Ra6 Kh4 58. Rh6#
1-0

[Event "U.S. Amateur North U1600"]
[Site "Detroit, MI"]
[Date "1999.05.29"]
[Round "2"]
[White "Whitaker, Deshontae"]
[Black "Biache, August"]
[Result "1-0"]
[WhiteElo "1049"]
[BlackElo "1431"]
[PlyCount "107"]
[EventDate "1999.05.29"]

1. e4 e5 2. Nf3 Nc6 3. Bc4 Nd4 4. Nxd4 exd4 5. O-O d6 6. d3 Bd7 7. Nd2 Qg5 8.
b4 a6 9. Re1 O-O-O 10. a4 Be6 11. b5 a5 12. Nb3 b6 13. Nxd4 Bxc4 14. Nc6 Qf6
15. Nxd8 Qxa1 16. Qf3 Qc3 17. Re3 Bxd3 18. Nxf7 Qxc2 19. Re1 Qc3 20. Rd1 Qc4
21. Nxh8 Bxe4 22. Qxf8+ Kb7 23. Qxg7 Qe2 24. Rf1 Bd3 25. h3 Qxf1+ 26. Kh2 Qxc1
27. Qxg8 Qf4+ 28. Kg1 Qc4 29. Qg5 Qc2 30. Qe7 Bg6 31. Nxg6 hxg6 32. Qe8 Qxa4
33. Qc6+ Kb8 34. Qe8+ Kb7 35. Qc6+ Kb8 36. Qe8+ Ka7 37. Qc6 Qa1+ 38. Kh2 Qe5+
39. g3 Qc5 40. Qf3 a4 41. Qe2 a3 42. h4 Qe5 43. Qc4 Qc5 44. Qe2 Qc3 45. h5 gxh5
46. Qxh5 a2 47. Kh3 a1=Q 48. Kg2 Qh8 49. Qxh8 Qxh8 50. f4 Qb2+ 51. Kh1 Qxb5 52.
g4 Qf1+ 53. Kh2 d5 54. g5 1-0

[Event "U.S. Amateur North"]
[Site "Detroit, MI"]
[Date "1999.05.29"]
[Round "2"]
[White "West, Tony"]
[Black "Thomas, Johnny"]
[Result "0-1"]
[WhiteElo "1741"]
[BlackElo "1850"]
[PlyCount "58"]
[EventDate "1999.05.29"]

1. e4 c5 2. Nf3 Nc6 3. d4 cxd4 4. Nxd4 d6 5. Nc3 e6 6. Bc4 a6 7. O-O g6 8. Bb3
Bg7 9. Be3 Qc7 10. a3 Nge7 11. Nf3 O-O 12. Qd2 b5 13. Bh6 Bb7 14. Rad1 Rad8 15.
Bxg7 Kxg7 16. h4 Na5 17. Ba2 Nc4 18. Qc1 Rfe8 19. h5 Ng8 20. hxg6 hxg6 21. Rd3
Nf6 22. Ng5 d5 23. exd5 exd5 24. Rfd1 Rh8 25. Nf3 d4 26. g3 dxc3 27. bxc3 Rxd3
28. Rxd3 Ne5 29. Nxe5 Rh1# 0-1

[Event "Texas State Championship--Amateur"]
[Site "Dallas, Tex."]
[Date "1999.05.29"]
[Round "1"]
[White "Tucker, Bill"]
[Black "Moody, David"]
[Result "0-1"]
[WhiteElo "1474"]
[BlackElo "1959"]
[PlyCount "88"]
[EventDate "1999.05.29"]

1. e4 e5 2. Nf3 Nc6 3. d3 Bc5 4. g3 Nf6 5. Bg2 d6 6. O-O O-O 7. Nbd2 Bg4 8. c3
Qd7 9. b4 Bb6 10. a4 a5 11. b5 Ne7 12. Nc4 Bc5 13. Ba3 Bxa3 14. Rxa3 b6 15. Re1
Nh5 16. Nfxe5 dxe5 17. Nxe5 Qd6 18. Qxg4 Qxa3 19. Qxh5 Qxc3 20. Rd1 g6 21. Nxg6
hxg6 22. Qh4 Rae8 23. Bh3 Qc2 24. Re1 Kg7 25. e5 Nd5 26. Qc4 Qxc4 27. dxc4 Nc3
28. Bd7 Rd8 29. e6 fxe6 30. Bxe6 Rd1 31. Rxd1 Nxd1 32. f4 Nc3 33. c5 Nxa4 34.
cxb6 cxb6 35. h4 Nc3 36. Bd7 a4 37. Kf2 a3 38. Be6 a2 39. Bxa2 Nxa2 40. Ke3 Rf5
41. g4 Rxb5 42. h5 gxh5 43. gxh5 Rxh5 44. Ke4 Kf6 0-1

[Event "U.S. Amateur North U1600"]
[Site "Detroit, MI"]
[Date "1999.05.29"]
[Round "3"]
[White "Treacy, Joe"]
[Black "Pascoe, Bramwell"]
[Result "0-1"]
[WhiteElo "1557"]
[BlackElo "1300"]
[PlyCount "60"]
[EventDate "1999.05.29"]

1. e4 e5 2. Nf3 Nc6 3. Bb5 a6 4. Ba4 Nf6 5. O-O Be7 6. Re1 b5 7. Bb3 O-O 8. c3
Bb7 9. h3 d5 10. exd5 Nxd5 11. Nxe5 Nxe5 12. Rxe5 Nf4 13. d4 Nxg2 14. Qg4 Nh4
15. Bh6 Bf6 16. Rh5 Re8 17. Rxh4 Re1+ 18. Kh2 Rh1+ 19. Kg3 Rg1+ 20. Kh2 Rxg4
21. Rxg4 Bf3 22. Rg3 Qd6 23. Kg1 Bb7 24. Nd2 Bh4 25. Rg4 Qxh6 26. Nf1 Bxf2+ 27.
Kxf2 Qf6+ 28. Kg1 Qf3 29. Kh2 Qf2+ 30. Rg2 Qxg2# 0-1

[Event "U.S. Amateur North U1600"]
[Site "Detroit, MI"]
[Date "1999.05.29"]
[Round "1"]
[White "Treacy, Joe"]
[Black "Crist, Kevin"]
[Result "1-0"]
[WhiteElo "1557"]
[BlackElo "1009"]
[PlyCount "65"]
[EventDate "1999.05.29"]

1. e4 e6 2. d4 d5 3. exd5 exd5 4. Bd3 Bd6 5. Ne2 h6 6. Bf4 Bg4 7. f3 Bh5 8. O-O
Nf6 9. Qd2 O-O 10. Bxh6 Bg6 11. Bxg6 fxg6 12. Bg5 Nbd7 13. Qd3 Kh7 14. f4 Qe8
15. Nd2 Rh8 16. Ng3 Qf7 17. f5 Bxg3 18. Qxg3 c6 19. Qc7 Rab8 20. Bxf6 gxf6 21.
fxg6+ Kxg6 22. Rf3 Rh5 23. Raf1 f5 24. Rg3+ Kh7 25. Nf3 Qe7 26. Ne5 Re8 27.
Qxd7 Qxd7 28. Nxd7 Re2 29. Nf6+ Kh6 30. Nxh5 Kxh5 31. Rxf5+ Kh4 32. Rf8 Kh5 33.
Rh8# 1-0